000 01052nam a2200181Ia 4500
008 0000001981 mX a 0000000000spa00
090 _aPUS00 I57p
110 1 _aInstituto Nacional de Bellas Artes. MéXico
245 1 3 _aLa pintura de los Estados Unidos de Museos de La Ciudad de Washington
_c/ Instituto Nacional de Bellas Artes
300 _a220 p.
_c/ 27 cm.
500 _aExposición realizada en el Museo del Palacio de Bellas Artes, Noviembre 18, 1980 Enero 4 , 1981 \ Con el patronazgo del maestro venezolano Jesús Rafael Soto (q.e.p.d.) \ Registro auspiciado por el IDCT. Bogotá
505 _aColección Nacional de Bellas Artes Galería Corcoran de Arte Galería Nacional de Arte La colección Phillips Museo Hirshhorn y Jardín de Escultura La Casa Blanca Secretaria de Estado
650 1 4 _aARTE CONTEMPORANEO ESTADOUNIDENSE
650 1 4 _aCOLECCIONES
650 1 4 _aCOLECCIONES MUSEOGRAFICAS ESTADOS UNIDOS
650 1 4 _aPINTURA ESTADOUNIDENSE
999 _c2988
_d2988
260 _aMéxico : Instituto Nacional de Bellas Artes
_c1981